01492cam a2200373 i 450000100090000000300040000900500170001300800410003001000170007102000290008802500240011703500260014103700530016704000380022004200150025805000260027308200180029910000610031724501900037824600160056824600450058425000290062926400510065830000230070933600260073233700280075833800270078652001540081354600140096760000430098165000430102465000250106765100260109219652067OSt20200606120107.0170127s2015 ii 000 0 hino  a 2017323585 a9788188904723 (hardback) aI-H-2017-323585; 12 a(IN-NdSP) 2017323585 bLibrary of Congress -- New Delhi Overseas Office aDLCbengerdacMESKC librarydDLC alcodeapcc00aPK2659.A44bP537 2015 a891.43bSIN/B1 aSiṃha, Mīnākshī Jayaprakāśa,d1984-eauthor.10aBhārata vibhājana kī trāsadī aura "Piñjara" /cḌô. Mīnākshī Jayaprakāśa Siṃha = Bharat vibhajan ki traasadi aur "Pinjar" / by Dr. Minakshi Jay Prakash Singh.30a"Piñjara"31aBharat vibhajan ki traasadi aur "Pinjar" aPrathama saṃsmaraṇa. 1aKolakātā :bĀnanda Prakāśana,c2015. a103 pages ;c22 cm atextbtxt2rdacontent aunmediatedbn2rdamedia avolumebnc2rdacarrier aStudy of the depiction of impact of partition of India on women in Piñjara, Panjabi novel by Amrita Pritam, 1919-2005, Panjabi and Hindi authoress. aIn Hindi.00aAmrita Pritam,d1919-2005.tPiñjara. 0aPartition, Territorial, in literature. 0aWomen in literature. 0aIndiaxIn literature.